000 00289nam a22001337a 4500
008 170522b xxu||||| |||| 00| 0 eng d
020 _a9780072873023
041 _aeng
080 _a94
100 _a16
101 _aSHH
245 _aDEFEATING TERRORISM
_cHOWARD, R.D
942 _2udc
_cBK
999 _c13653
_d13653